00363cam a2200157ua 450000100060000000800390000604000090004504100120005408200120006610000120007824500200009025000090011026000440011930000160016365300260017919392130622n II |||gr||||Z||||||eng aMAIN aEnglish a570 SEN aSEN, S. aECONOMIC BOTANY aREP. aDELHI:bNEW CENTRAL BOOK AGENCY,c2009. a240:c20CM. aLife sciences biology